00521 2200169 4500245003300000020002200033250001100055100001300066700001600079650002100095005001900116260007600135041001400211084000800225300010900233336000900342 aRumah WortelcHelga K.hText a978-602-244-924-9 aCet. 1 aHelga K. aHeyapriliaa aCerita Bergambar a20240902104540 aJakartabKementerian Pendidikan, Kebudayaan, Riset, dan Teknologic2022 aIndonesia a741 amenggunakan huruf Andika New Basic 20/34, Delight Snowy, Cloudy With a Chance of Love. ii, 30 hlm :b2 ; atext